00737nam a2200181u 450000100100000000500170001000800410002704000250006810000570009324500840015025000250023426000330025930000310029265000580032365000490038195201100043099900150054000000150520200929145612.0840830s1940 sp a 000 0 spa  aDO-SdBNPbspacBNPHU2 aPuertas Gallardo, Fernando. [from old catalog]9497313aEl tiro de la artilleria de campana; /cmanual de campo del oficial de bateria. a7. ed., rev. y corr. aMadrid, :bE. Dossat,c1940. a421 p. :billus. ;c23 cm. 0aArtillery drill and tactics. [from old catalog]94974 0aShooting, military. [from old catalog]94975 001052708MOaGRbGRcHDd2009-09-22iLF1l0o p1505-10r2020-06-25w2020-06-25y2ZPréstamo interno c1410d1410